Quebec word translations - Statistics

General Stats
  • This quiz has been taken 214 times
  • The average score is 15 of 23
Answer Stats
Hint Answer % Correct
Stationnement Parking lot
94%
Char Car
91%
Blonde Girlfriend
87%
Chum Boyfriend
84%
Cellulaire Cell phone
83%
Magasiner Shopping
81%
Courriel E-mail
78%
Collation Snack
76%
Sacoche Purse
72%
Fête Birthday
71%
Plate Boring
69%
Dégueulasse Disgusting
69%
Franchement Seriously
61%
Dépanneur Corner store
59%
Espadrilles Runners
59%
Bobette Underwear
58%
Maringouin Mosquito
53%
Chicane Argument
48%
Cartable Binder (notebook)
44%
Balayeuse Vacuum cleaner
36%
Jaser Chatting
35%
Aréna Ice rink
33%
Clavardage Chat (online)
32%
No matching quizzes found
Score Distribution
Percent of People with Each Score
Percentile by Number Answered
Your Score History
You have not taken this quiz